000 01320cam a22003734a 4500
001 12363177
003 OSt
005 20260313103645.0
008 010329s2001 ilu b 001 0 eng
010 _a 2001001915
020 _a1581342853
_qpbk. : alk. paper
020 _a9781581342857
_q(pbk. : alk. paper)
035 _a12363177
040 _aDLC
_cDLC
_dDLC
042 _apcc
050 0 0 _aBS1235.52
_b.H45 2001
082 0 0 _a239
_221
100 1 _aHelm, David R.,
_d1961-
245 1 4 _aThe Genesis factor :
_bprobing life's big questions /
_cDavid R. Helm, Jon M. Dennis.
260 _aWheaton, Ill. :
_bCrossway Books,
_cc2001.
300 _a127 p. ;
_c22 cm.
336 _atext
_btxt
_2rdacontent
337 _aunmediated
_bn
_2rdamedia
338 _avolume
_bnc
_2rdacarrier
504 _aIncludes bibliographical references and index.
630 0 0 _aBible.
_pGenesis, I-III
_xCriticism, interpretation, etc.
630 0 0 _aBible
_xEvidences, authority, etc.
650 0 _aApologetics.
700 1 _aDennis, Jon M.,
_d1966-
906 _a7
_bcbc
_corignew
_d1
_eecip
_f20
_gy-gencatlg
942 _2lcc
_cBK
999 _c21350
_d21349